00310nam a22001097a 4500003000400000020001500004082001400019100003600033245003300069260009000102300000800192SGT a8176211249 a080bM02D aदास, गुरचरण  aमुक्त भारत bफुल सर्किल पब्लिशिंग प्रा. लि. c2002 a391